Buying and selling of vote in local body elections: A case study of Telangana (Record no. 522551)

000 -LEADER
fixed length control field 01671nam a22001577a 4500
008 - FIXED-LENGTH DATA ELEMENTS--GENERAL INFORMATION
fixed length control field 230421b ||||| |||| 00| 0 eng d
100 ## - MAIN ENTRY--PERSONAL NAME
Personal name Joseph, Vanishree and Bhanja, Anjan K.
245 ## - TITLE STATEMENT
Title Buying and selling of vote in local body elections: A case study of Telangana
260 ## - PUBLICATION, DISTRIBUTION, ETC. (IMPRINT)
Place of publication, distribution, etc Indian Journal of Public Administration
300 ## - PHYSICAL DESCRIPTION
Extent 69(1), Mar, 2023: p. 125-137
520 ## - SUMMARY, ETC.
Summary, etc This research is an in-depth study on the influence of money in local body elections in India, particularly Gram Panchayat, which is the lowest tier of local governance, and consequences thereof. The age of the voters, genders and their education plays a significant factor in stigmatising the vote-buying behaviour. Women, youths and educated have more stigma towards vote buying. Vote buying takes different forms in different places and is more intense in some places than others. The degree to which democracy is afflicted by these ills, and the particular kind of damage inflicted, thus vary. Vote-buying, should also be noted, has consequences that extend beyond the political realm. Certain kinds of vote buying affect the economy by driving up land prices and concentrating landownership which may have long-term political implications. Most of the cases of the incidence of money is found in the places where real estate business is booming with huge population. The competition is more in the Panchayats where there is more income and grants available in these bodies. – Reproduced
650 ## - SUBJECT ADDED ENTRY--TOPICAL TERM
Topical term or geographic name as entry element Vote-buying, Vote-selling, Election, Local governance.
9 (RLIN) 37816
773 ## - HOST ITEM ENTRY
Main entry heading Indian Journal of Public Administration
906 ## - LOCAL DATA ELEMENT F, LDF (RLIN)
Subject DIP LOCAL GOVERNMENT
942 ## - ADDED ENTRY ELEMENTS (KOHA)
Item type Articles
Holdings
Withdrawn status Lost status Source of classification or shelving scheme Damaged status Not for loan Permanent location Current location Date acquired Serial Enumeration / chronology Barcode Date last seen Koha item type
          Indian Institute of Public Administration Indian Institute of Public Administration 2023-04-21 69(1), Mar, 2023: p. 125-137 AR128681 2023-04-21 Articles

Powered by Koha